Most Valuable NBA Teams - Statistics

General Stats
  • This quiz has been taken 26 times
  • The average score is 17 of 20
Answer Stats
Hint Answer % Correct
$6.7 Billion Boston Celtics
100%
$10 Billion Los Angeles Lakers
100%
$4.35 Billion Oklahoma City Thunder
96%
$5.1 Billion Dallas Mavericks
91%
$5.7 Billion Miami Heat
91%
$4.4 Billion San Antonio Spurs
91%
$5.6 Billion Brooklyn Nets
87%
$6 Billion Chicago Bulls
87%
$11 Billion Golden State Warriors
87%
$7.5 Billion Los Angeles Clippers
87%
$5.54 Billion Philadelphia 76ers
87%
$5.9 Billion Houston Rockets
83%
$4.8 Billion Cleveland Cavaliers
78%
$4.6 Billion Denver Nuggets
78%
$9.75 Billion New York Knicks
78%
$5.4 Billion Toronto Raptors
78%
$4.7 Billion Washington Wizzards
78%
$5.425 Billion Phoenix Suns
74%
$4.45 Billion Sacramento Kings
74%
$5 Billion Atlanta Hawks
70%
No matching quizzes found
Score Distribution
Percent of People with Each Score
Percentile by Number Answered
Your Score History
You have not taken this quiz